It looks like you're offline.
Open Library logo
additional options menu

MARC record from Internet Archive

LEADER: 00762cam a2200241 i 4500
001 80019885
003 DLC
005 19850423000000.0
008 800721r1980 miua 00000 eng
010 $a 80019885 //r852
020 $z0802035023
020 $z0802835023
050 0 $aBS417$b.E33 1980
082 0 $a220.3$219
245 00 $aEerdmans' concise Bible encyclopedia /$c[organizing editor, Pat Alexander].
250 $a1st American ed.
260 0 $aGrand Rapids, Mich. :$bEerdmans,$c1980.
300 $a254 p. :$bill. ;$c22 cm.
500 $aBased on The Lion encyclopedia of the Bible.
630 0 $aBible$xHandbooks, manuals, etc.
700 10 $aAlexander, Pat,$d1937-
710 20 $aWm. B. Eerdmans Publishing Co.
730 01 $aLion encyclopedia of the Bible.